000 00495nam a2200181Ia 4500
005 20250508161538.0
008 008 250505s9999 xx 000 0 eng d
037 _aTextual
040 _aFEDL
_beng
_cFEDL
041 _aeng
_2eng
084 _a641.1, GAN
_qFEDL
100 _aGandhi M K
245 0 _aMoral basis of vegetarianism
260 _aAhmedabad, India
_bNavjivan Prakashan Mandir
_c1959
300 _a33p.
942 _cTEXL
_h641.1, GAN
999 _c1370690
_d1370690